| 000 | 00457nam a2200157 4500 | ||
|---|---|---|---|
| 001 | 112317 | ||
| 003 | ES-MaACL | ||
| 005 | 20230906185513.0 | ||
| 007 | t| | ||
| 008 | 061121s1964 sz r ||||1| fre d | ||
| 100 | 1 |
_aNiehans, Paul. _985629 |
|
| 245 | 1 | 3 |
_aLa therapeutique cellulaire au jugement du médecin et du patient / _cPaul Niehans. |
| 260 |
_aSuisse : _bOtt Thoune, _c1964. |
||
| 300 |
_a43 p. ; _c20 cm. |
||
| 852 |
_aES-MaACL _j2058-F-26 _bR.63800 |
||
| 999 |
_c112317 _d112317 |
||